[Event "29. Schweinfurt Open"]
[Site "Schweinfurt"]
[Date "2019.06.20"]
[Round "1.1"]
[White "Bussard, Christian"]
[Black "Drewes, Thomas"]
[Result "1-0"]
[WhiteElo "2285"]
[BlackElo "1740"]
[PlyCount "85"]
[EventDate "2019.??.??"]
[WhiteTeam "SG Niederkassel"]
[BlackTeam "SV Würzburg"]

1. e4 e5 2. Nf3 d6 3. d4 exd4 4. Qxd4 a6 5. Bf4 Nc6 6. Qe3 Nf6 7. Nc3 Be6 8.
O-O-O Qc8 9. h3 Be7 10. g4 O-O 11. Bg2 Nd7 12. Bg3 Nde5 13. Nd2 Nc4 14. Nxc4
Bxc4 15. Kb1 f6 16. Nd5 Re8 17. Rhe1 Bf8 18. Qc3 Bxd5 19. Rxd5 a5 20. Bf1 Kh8
21. Bb5 a4 22. a3 Re7 23. Bxc6 bxc6 24. Qxc6 Ra6 25. Qc3 Qb7 26. Rd4 Re8 27.
Rb4 Qa7 28. Rc4 c5 29. Ka2 Qb7 30. f3 d5 31. exd5 Rxe1 32. Qxe1 Qxd5 33. Qe4
Qxe4 34. Rxe4 Kg8 35. f4 Kf7 36. f5 Be7 37. Kb1 Ke8 38. Kc1 Kd7 39. Kd2 Bd6 40.
Re6 Rc6 41. Rxd6+ Rxd6+ 42. Bxd6 Kxd6 43. b3 1-0

[Event "29. Schweinfurt Open"]
[Site "Schweinfurt"]
[Date "2019.06.20"]
[Round "1.2"]
[White "Wirth, Reinhard"]
[Black "Peschel, Andreas"]
[Result "0-1"]
[WhiteElo "1736"]
[BlackElo "2170"]
[PlyCount "50"]
[EventDate "2019.??.??"]
[WhiteTeam "SC Bergrheinfeld"]
[BlackTeam "SG Solingen"]

1. e4 c5 2. Nc3 a6 3. Nf3 e6 4. d4 cxd4 5. Nxd4 Qc7 6. g3 b5 7. Bg2 Bb7 8. O-O
Nf6 9. Re1 Bc5 10. a3 h5 11. Nf3 Nc6 12. Be3 Bxe3 13. Rxe3 Ng4 14. Re2 O-O-O
15. Rd2 Na5 16. Rd3 Nc4 17. Ra2 h4 18. Nd4 Nge5 19. Ndxb5 axb5 20. Nxb5 Qc5 21.
Nd6+ Nxd6 22. Rxd6 hxg3 23. Rd2 gxf2+ 24. Rxf2 Rxh2 25. c4 Bxe4 0-1

[Event "29. Schweinfurt Open"]
[Site "Schweinfurt"]
[Date "2019.06.20"]
[Round "1.3"]
[White "Weise, Martin"]
[Black "Wilm, Konrad"]
[Result "1-0"]
[WhiteElo "2122"]
[BlackElo "1735"]
[PlyCount "33"]
[EventDate "2019.??.??"]
[WhiteTeam "SC Fulda"]
[BlackTeam "SK Arnstein"]

1. d4 d5 2. Bf4 Nf6 3. e3 e6 4. Nd2 Bd6 5. Bg3 O-O 6. Bd3 Nbd7 7. Ngf3 Re8 8.
Ne5 Nf8 9. h4 N6d7 10. e4 Bxe5 11. dxe5 Nc5 12. h5 h6 13. Bh4 Qd7 14. Qg4 Kh8
15. Bf6 Ng6 16. hxg6 gxf6 17. Rxh6+ 1-0

[Event "29. Schweinfurt Open"]
[Site "Schweinfurt"]
[Date "2019.06.20"]
[Round "1.4"]
[White "Brux, Juergen"]
[Black "Helm, Timo"]
[Result "0-1"]
[WhiteElo "1731"]
[BlackElo "2109"]
[PlyCount "130"]
[EventDate "2019.??.??"]
[WhiteTeam "DT Münnerstadt"]
[BlackTeam "SC Bad Königshofen / NES"]

1. d4 d5 2. c4 e6 3. Nf3 Nf6 4. g3 b6 5. Bg2 Bb7 6. O-O Nbd7 7. b3 Be7 8. Bb2
O-O 9. Nc3 c5 10. e3 dxc4 11. bxc4 cxd4 12. exd4 Rc8 13. Qe2 Qc7 14. Nd2 Ba6
15. Nb5 Bxb5 16. cxb5 Qc2 17. Rab1 Bb4 18. Rfd1 Rfd8 19. Bf1 Nd5 20. Nb3 Qf5
21. Qd3 Qg5 22. Qf3 Qe7 23. Rbc1 N7f6 24. Nd2 Rxc1 25. Bxc1 Nc3 26. Re1 Nxa2
27. Qd3 Nxc1 28. Rxc1 Qd7 29. Nf3 h6 30. Qc4 Be7 31. Qc7 Nd5 32. Qxd7 Rxd7 33.
Ne5 Rc7 34. Nc6 Bf6 35. Rc4 Kf8 36. Bg2 Ne7 37. Rb4 Nf5 38. d5 exd5 39. Bxd5
Be7 40. Ra4 Rd7 41. Be4 Nd6 42. Bd3 Nc8 43. Bf5 Rc7 44. Bxc8 Rxc8 45. Rxa7 Bc5
46. Kg2 Re8 47. Kf3 g6 48. Ra2 Re1 49. Kg4 Rb1 50. Na7 Rb3 51. Kf4 f5 52. Ke5
Kf7 53. Kd5 Rd3+ 54. Kc6 Rc3 55. Kb7 Rf3 56. Nc8 Rxf2 57. Rxf2 Bxf2 58. Nxb6
Bg1 59. h3 Bh2 60. g4 f4 61. Nd5 f3 62. Ne3 Kf6 63. Kc6 Kg5 64. Kd5 Kf4 65. Kd4
Bg1 0-1

[Event "29. Schweinfurt Open"]
[Site "Schweinfurt"]
[Date "2019.06.20"]
[Round "1.5"]
[White "Kornitzky, Tino"]
[Black "Cebulla, Martin"]
[Result "1-0"]
[WhiteElo "2098"]
[BlackElo "1716"]
[PlyCount "49"]
[EventDate "2019.??.??"]
[WhiteTeam "FC Bayern München"]
[BlackTeam "SV Würzburg"]

1. d4 Nf6 2. c4 Nc6 3. Nc3 e6 4. Nf3 Bb4 5. Qc2 h6 6. e3 b6 7. Bd3 Bxc3+ 8.
Qxc3 Bb7 9. O-O d6 10. b3 Qe7 11. e4 O-O-O 12. Re1 Qd7 13. d5 Ne7 14. e5 Ne8
15. exd6 Qxd6 16. Ne5 Rf8 17. Bf4 g5 18. Bg3 Qa3 19. dxe6 fxe6 20. Ng6 Nxg6 21.
Bxg6 Nd6 22. Rxe6 Nf5 23. Bxf5 Rxf5 24. Qg7 Qc5 25. Re7 1-0

[Event "29. Schweinfurt Open"]
[Site "Schweinfurt"]
[Date "2019.06.20"]
[Round "1.6"]
[White "Ley, Reinhard"]
[Black "Lang, Stefan"]
[Result "1/2-1/2"]
[WhiteElo "1709"]
[BlackElo "2094"]
[PlyCount "73"]
[EventDate "2019.??.??"]
[WhiteTeam "SV Spr.Siershahn"]
[BlackTeam "SK Bad Neustadt"]

1. d4 c5 2. c3 e6 3. Nf3 Nf6 4. Nbd2 b6 5. e4 Bb7 6. Bd3 Be7 7. O-O d6 8. Re1
O-O 9. Qe2 Nfd7 10. Nc4 b5 11. Ne3 a6 12. b3 Nc6 13. Bb2 Re8 14. Rad1 Bf8 15.
c4 b4 16. d5 Nce5 17. Nxe5 Nxe5 18. Bxe5 dxe5 19. Qh5 g6 20. Qh3 exd5 21. Nxd5
Bc8 22. Qe3 Kg7 23. Be2 Qa5 24. Rd2 Be6 25. Qg5 Bxd5 26. cxd5 Bd6 27. Bc4 Ra7
28. Re3 f6 29. Qg4 Rf7 30. Qe2 Rd8 31. g3 Qb6 32. f3 Kh8 33. Qf1 Kg7 34. Rf2 g5
35. Qh3 Qc7 36. Qf5 Qd7 37. Qxd7 1/2-1/2

[Event "29. Schweinfurt Open"]
[Site "Schweinfurt"]
[Date "2019.06.20"]
[Round "1.7"]
[White "Kuhn, Norbert"]
[Black "Brodt, Andreas"]
[Result "1-0"]
[WhiteElo "2045"]
[BlackElo "1696"]
[PlyCount "99"]
[EventDate "2019.??.??"]
[WhiteTeam "SV Würzburg"]
[BlackTeam "SK Schweinfurt 2000"]

1. e4 c5 2. Nf3 d6 3. Bb5+ Bd7 4. Bxd7+ Nxd7 5. O-O g6 6. c3 Bg7 7. d4 cxd4 8.
cxd4 Ngf6 9. Nc3 O-O 10. Bg5 Nb6 11. Qd3 a6 12. Rac1 Rc8 13. b3 Nfd7 14. Rfe1
f6 15. Be3 e6 16. h3 f5 17. Qd2 Rxc3 18. Rxc3 fxe4 19. Ng5 Qe7 20. Nxe4 Nd5 21.
Bg5 Bf6 22. Nxf6+ N7xf6 23. Rf3 Rf7 24. Qe2 Nc7 25. Bxf6 Rxf6 26. Rxf6 Qxf6 27.
Qe4 d5 28. Qe5 Qxe5 29. Rxe5 Kf7 30. a4 b5 31. Kf1 bxa4 32. bxa4 a5 33. Re1 Na6
34. Ke2 Ke7 35. Ke3 Kd6 36. Rc1 Nb4 37. Rc8 Nc6 38. Rh8 h5 39. Rg8 Ne7 40. Rd8+
Kc7 41. Ra8 Nc6 42. h4 Kd7 43. f3 Kd6 44. g4 e5 45. dxe5+ Kxe5 46. gxh5 d4+ 47.
Kd3 gxh5 48. Rh8 Nb4+ 49. Kd2 Kf4 50. Rxh5 1-0

[Event "29. Schweinfurt Open"]
[Site "Schweinfurt"]
[Date "2019.06.20"]
[Round "1.8"]
[White "Reichert, Claudia"]
[Black "Stadler, Andreas"]
[Result "0-1"]
[WhiteElo "1682"]
[BlackElo "2025"]
[PlyCount "94"]
[EventDate "2019.??.??"]
[WhiteTeam "DT Münnerstadt"]
[BlackTeam "SK München Südost"]

1. d4 Nf6 2. Bf4 e6 3. e3 b6 4. Nf3 Bb7 5. c3 Be7 6. Nbd2 d6 7. Qa4+ Nbd7 8.
Bd3 O-O 9. h3 Re8 10. O-O e5 11. dxe5 dxe5 12. Bxe5 Nc5 13. Bxh7+ Nxh7 14. Qf4
Bd6 15. Bxd6 Qxd6 16. Qxd6 cxd6 17. Rfd1 d5 18. Nd4 Nf6 19. N2f3 Nfe4 20. Nb5
Re7 21. a4 Bc6 22. Nfd4 Be8 23. Nf5 Rd7 24. Rxd5 a6 25. Rxd7 Bxd7 26. Nc7 Ra7
27. Ne7+ Kf8 28. Ned5 Nxa4 29. f3 Ng5 30. h4 Ne6 31. Nxe6+ fxe6 32. Nb4 Nc5 33.
Rd1 a5 34. Nc2 Ba4 35. Rd2 Bxc2 36. Rxc2 a4 37. Rd2 Ke7 38. Kf2 Nd7 39. Rd4 b5
40. Rb4 Ra5 41. Rg4 Kf7 42. Rg5 Nb6 43. Ke2 Nc4 44. Kd3 Nxb2+ 45. Kc2 a3 46.
Kb1 a2+ 47. Ka1 Nc4 0-1

[Event "29. Schweinfurt Open"]
[Site "Schweinfurt"]
[Date "2019.06.20"]
[Round "1.9"]
[White "Minor, Viatcheslav"]
[Black "Braetz, Yannick"]
[Result "1-0"]
[WhiteElo "2032"]
[BlackElo "1669"]
[PlyCount "113"]
[EventDate "2019.??.??"]
[WhiteTeam "SV Eisenach"]
[BlackTeam "SK Schweinfurt 2000"]

1. e4 e5 2. Bc4 Nc6 3. Nc3 Bc5 4. d3 d6 5. f4 Bxg1 6. Rxg1 Qh4+ 7. Kf1 Nf6 8.
f5 Ng4 9. g3 Qh3+ 10. Rg2 Nxh2+ 11. Kg1 Nd4 12. Rxh2 Qxg3+ 13. Rg2 Nf3+ 14. Kf1
Nh2+ 15. Kg1 Nf3+ 16. Kf1 Nh2+ 17. Rxh2 Qxh2 18. Qg4 Qh1+ 19. Ke2 Qh2+ 20. Kd1
Qh1+ 21. Kd2 Qh6+ 22. Ke2 Qh2+ 23. Kf1 Qh1+ 24. Kf2 Qh2+ 25. Qg2 Qxg2+ 26. Kxg2
c6 27. Bg5 b5 28. Bb3 a5 29. a4 b4 30. Ne2 h6 31. Rh1 Rg8 32. Be3 Ke7 33. Ng3
g6 34. fxg6 Rxg6 35. Rxh6 Rxh6 36. Bxh6 Be6 37. Nf5+ Bxf5 38. exf5 Kf6 39. Be3
Kxf5 40. Bxf7 d5 41. Bb6 e4 42. dxe4+ Kxe4 43. Bg6+ Ke5 44. Kf2 Kd6 45. Be3 c5
46. Bh5 Rf8+ 47. Ke2 d4 48. Bf2 Kd5 49. b3 c4 50. Bg6 Rf6 51. Bh7 Rxf2+ 52.
Kxf2 d3 53. bxc4+ Kxc4 54. cxd3+ Kc3 55. Ke3 b3 56. d4 b2 57. d5 1-0

[Event "29. Schweinfurt Open"]
[Site "Schweinfurt"]
[Date "2019.06.20"]
[Round "1.10"]
[White "Koehler, Michael"]
[Black "Milovanovic, Milos"]
[Result "0-1"]
[WhiteElo "1625"]
[BlackElo "2025"]
[PlyCount "114"]
[EventDate "2019.??.??"]
[WhiteTeam "SC Prichsenstadt"]
[BlackTeam "SF Gottmadingen"]

1. d4 d5 2. c4 c6 3. Nf3 Nf6 4. g3 dxc4 5. a4 Bf5 6. Bg2 Nbd7 7. Nbd2 Qa5 8.
O-O c3 9. bxc3 Qxc3 10. Ba3 e6 11. Bxf8 Rxf8 12. Rc1 Qa5 13. Nh4 Ke7 14. Nxf5+
Qxf5 15. e4 Qa5 16. d5 cxd5 17. exd5 exd5 18. Re1+ Kd8 19. Qc2 Re8 20. Red1 Ke7
21. Qb3 Kf8 22. Qxb7 Rab8 23. Qc6 Re6 24. Qc2 Ne5 25. Nb3 Qb6 26. Nd4 Ree8 27.
Ne2 Rbc8 28. Qxc8 Rxc8 29. Rxc8+ Ke7 30. Nf4 Neg4 31. Rc2 Qb3 32. Rcd2 Nxf2 33.
Kxf2 Ng4+ 34. Kg1 Qe3+ 35. Kh1 Nf2+ 36. Rxf2 Qxf2 37. Bxd5 g5 38. Nd3 Qc2 39.
Re1+ Kd6 40. Be4 h6 41. a5 Qa4 42. Bg2 Qxa5 43. Rf1 Qb5 44. Nf2 f5 45. Nh3 a5
46. Rd1+ Ke6 47. Nf2 a4 48. Nd3 a3 49. Nc1 Qb2 50. Bd5+ Kf6 51. Rf1 Qc2 52. Bb3
Qe4+ 53. Kg1 h5 54. Bd1 Qe3+ 55. Kg2 Qxc1 56. g4 hxg4 57. Bxg4 Qxf1+ 0-1

[Event "29. Schweinfurt Open"]
[Site "Schweinfurt"]
[Date "2019.06.20"]
[Round "1.11"]
[White "Maar, Samuel"]
[Black "Roth, Ludwig"]
[Result "1-0"]
[WhiteElo "1966"]
[BlackElo "1562"]
[PlyCount "91"]
[EventDate "2019.??.??"]
[WhiteTeam "Sfr. Bad Emstal/Wolfhagen"]
[BlackTeam "Spvgg Stetten"]

1. e4 e5 2. Nf3 Nc6 3. Bc4 Nf6 4. d3 Be7 5. O-O O-O 6. c3 d5 7. exd5 Nxd5 8.
Re1 Bf6 9. Nbd2 Bg4 10. Ne4 Re8 11. h3 Bh5 12. g4 Bg6 13. Nxf6+ Nxf6 14. Bg5
Qd6 15. Nh4 Na5 16. Bb5 c6 17. Nxg6 hxg6 18. Ba4 Nd5 19. Qd2 b5 20. Bc2 Nb7 21.
Rad1 f6 22. c4 Nb6 23. Be3 bxc4 24. dxc4 Qxd2 25. Bxd2 Kf7 26. Be4 Rac8 27. Bb4
Rc7 28. b3 Rd8 29. Rxd8 Nxd8 30. Rd1 Ne6 31. c5 Rd7 32. Rd6 Rxd6 33. cxd6 Nd4
34. Bc5 f5 35. gxf5 gxf5 36. Bxd4 exd4 37. Bxf5 c5 38. Kf1 Nd5 39. Ke2 Nc3+ 40.
Kd3 Nd1 41. Kc4 Nxf2 42. Kxc5 d3 43. Kc6 d2 44. Bc2 Nd3 45. d7 Nb4+ 46. Kc7 1-0

[Event "29. Schweinfurt Open"]
[Site "Schweinfurt"]
[Date "2019.06.20"]
[Round "1.12"]
[White "Maar, Felicitas"]
[Black "Schmitz, Wolfgang"]
[Result "0-1"]
[WhiteElo "1609"]
[BlackElo "2017"]
[PlyCount "58"]
[EventDate "2019.??.??"]
[WhiteTeam "Mündener SC"]
[BlackTeam "SC Prichsenstadt"]

1. e4 e6 2. d4 d5 3. Nd2 c5 4. c3 Nc6 5. Bb5 Bd7 6. Bxc6 Bxc6 7. e5 cxd4 8.
cxd4 Rc8 9. Ne2 f6 10. Nf3 fxe5 11. Nxe5 Bb4+ 12. Bd2 Bxd2+ 13. Qxd2 Nf6 14.
Ng3 O-O 15. O-O h5 16. Rfe1 h4 17. Ng6 hxg3 18. Nxf8 gxh2+ 19. Kxh2 Qd6+ 20. g3
Rxf8 21. f3 Nh5 22. Qf2 Rf5 23. Rg1 e5 24. dxe5 Rxe5 25. Rae1 Qh6 26. Rh1 Nxg3+
27. Kxg3 Rg5+ 28. Kf4 Rh5+ 29. Kg4 Qg5# 0-1

[Event "29. Schweinfurt Open"]
[Site "Schweinfurt"]
[Date "2019.06.20"]
[Round "1.13"]
[White "Reinl, Fred"]
[Black "Leichum, Engelbert"]
[Result "1-0"]
[WhiteElo "1961"]
[BlackElo "1601"]
[PlyCount "61"]
[EventDate "2019.??.??"]
[WhiteTeam "SK Schweinfurt 2000"]
[BlackTeam "(vls) Frankfurt"]

1. e4 d5 2. exd5 Nf6 3. Bb5+ Nbd7 4. Nc3 a6 5. Bc4 Nb6 6. Bb3 Nbxd5 7. Nxd5
Nxd5 8. Qf3 e6 9. Ne2 Bc5 10. d4 Ba7 11. O-O O-O 12. Qg3 f5 13. Bg5 Qd7 14.
Rad1 c6 15. c4 Bb8 16. Qh4 Nf6 17. Rfe1 c5 18. dxc5 Qc6 19. Bxf6 Rxf6 20. Rd8+
Kf7 21. Qxh7 Bc7 22. Qg8+ Ke7 23. Qxg7+ Rf7 24. Qg5+ Rf6 25. Rg8 Be5 26. Qg7+
Rf7 27. Qxe5 b6 28. Nd4 Qb7 29. Qd6+ Kf6 30. Rxe6+ Bxe6 31. Qxe6# 1-0

[Event "29. Schweinfurt Open"]
[Site "Schweinfurt"]
[Date "2019.06.20"]
[Round "1.14"]
[White "Kiesel, Jannik"]
[Black "Roth, Jakob"]
[Result "0-1"]
[WhiteElo "1579"]
[BlackElo "1888"]
[PlyCount "66"]
[EventDate "2019.??.??"]
[WhiteTeam "DT Münnerstadt"]
[BlackTeam "Spvgg Stetten"]

1. e4 e6 2. b3 d5 3. Bb2 Nf6 4. exd5 exd5 5. Nf3 Nc6 6. Bb5 Bd6 7. Qe2+ Be6 8.
Bxc6+ bxc6 9. Nd4 Qd7 10. Nxe6 fxe6 11. d3 O-O 12. Nd2 e5 13. O-O-O Rfe8 14. h3
Qe7 15. f3 Ba3 16. Rhe1 a5 17. Nb1 Bxb2+ 18. Kxb2 a4 19. Qd2 Ra6 20. Qc3 Kh8
21. b4 Rb6 22. Ka3 d4 23. Qc5 Qxc5 24. bxc5 Rb5 25. f4 Rxc5 26. Rxe5 Rcxe5 27.
fxe5 Rxe5 28. Kxa4 Nd5 29. Kb3 Ne3 30. Rd2 Rb5+ 31. Ka4 Rxb1 32. Rf2 Kg8 33.
Rf4 Nxc2 0-1

[Event "29. Schweinfurt Open"]
[Site "Schweinfurt"]
[Date "2019.06.20"]
[Round "1.15"]
[White "Wiener, Horst"]
[Black "Lee, Kwan Ho"]
[Result "1/2-1/2"]
[WhiteElo "1943"]
[BlackElo "1553"]
[PlyCount "109"]
[EventDate "2019.??.??"]
[WhiteTeam "SK Schweinfurt 2000"]
[BlackTeam "SV Hockenheim"]

1. d4 Nf6 2. Nf3 g6 3. Bf4 Bg7 4. e3 O-O 5. h3 d6 6. Bd3 c5 7. c3 Nc6 8. Bh2
cxd4 9. exd4 Qb6 10. Qe2 Re8 11. O-O Bd7 12. Na3 Qc7 13. Rfe1 Nd5 14. Rad1 Nb6
15. Be4 e5 16. dxe5 Nxe5 17. Nxe5 Bxe5 18. Bxe5 Rxe5 19. Qd2 d5 20. Bf3 Rae8
21. Rxe5 Rxe5 22. Qd4 Bc6 23. g3 Qe7 24. Kg2 Re1 25. Rd2 Ra1 26. Re2 Qg5 27.
Qd2 Qxd2 28. Rxd2 Rxa2 29. h4 Na4 30. Bxd5 Bxd5+ 31. Rxd5 Rxb2 32. c4 Nc3 33.
Rd8+ Kg7 34. Kf3 Rb3 35. Nc2 Nd5+ 36. Ne3 Nxe3 37. fxe3 Rc3 38. Rd7 Rxc4 39.
Rxb7 a5 40. Ra7 Ra4 41. Ra6 Ra1 42. e4 a4 43. e5 a3 44. Ra7 a2 45. Kg2 Re1 46.
Rxa2 Rxe5 47. Ra6 h5 48. Rb6 Re6 49. Rb2 f5 50. Kf3 Kf6 51. Rb8 Ke5 52. Rb5+
Kf6 53. Rb1 Re4 54. Rb6+ Re6 55. Rb1 1/2-1/2

[Event "29. Schweinfurt Open"]
[Site "Schweinfurt"]
[Date "2019.06.20"]
[Round "1.16"]
[White "Althaus, Lennart"]
[Black "Krenz, Dieter"]
[Result "1/2-1/2"]
[WhiteElo "1549"]
[BlackElo "1927"]
[PlyCount "117"]
[EventDate "2019.??.??"]
[WhiteTeam "TV-Großostheim"]
[BlackTeam "SC Prichsenstadt"]

1. c4 e6 2. Nc3 d5 3. cxd5 exd5 4. g3 Nf6 5. Bg2 c6 6. d3 Bd6 7. e4 O-O 8. Nge2
dxe4 9. dxe4 Qe7 10. O-O Na6 11. Qc2 Nb4 12. Qd1 Rd8 13. Bd2 Nd3 14. Qc2 Bc7
15. a3 Be6 16. Be3 Rd7 17. Nd4 Bc4 18. Rad1 Ne5 19. Rfe1 Rad8 20. Nf5 Qe6 21.
Nd4 Qe8 22. Nce2 Ba6 23. Kh1 h6 24. f4 Nc4 25. Bg1 c5 26. Nb3 b6 27. Nc3 Rxd1
28. Rxd1 Rxd1 29. Nxd1 Qd8 30. e5 Nh7 31. Be4 Nf8 32. Bf3 Ne6 33. Nc3 Nd4 34.
Nxd4 cxd4 35. Nd5 b5 36. Bxd4 Bb7 37. Qg2 a5 38. Bc5 Kh8 39. b3 Nb6 40. Nxc7
Bxf3 41. Qxf3 Qxc7 42. b4 Nc4 43. Qd3 axb4 44. axb4 Qc6+ 45. Kg1 Qa6 46. Kg2
Qa2+ 47. Kh3 Qa6 48. Qd8+ Kh7 49. Qe8 Qb7 50. e6 fxe6 51. Qxe6 Qf3 52. Qf5+ Kh8
53. Bd4 Qb7 54. Qe6 Kh7 55. Kh4 Nd2 56. Be3 Nf1 57. Bg1 Qg2 58. Qf5+ Kh8 59.
Qf8+ 1/2-1/2

[Event "29. Schweinfurt Open"]
[Site "Schweinfurt"]
[Date "2019.06.20"]
[Round "1.17"]
[White "Langguth, Rolf"]
[Black "Nicola, Marius"]
[Result "1/2-1/2"]
[WhiteElo "1927"]
[BlackElo "1505"]
[PlyCount "54"]
[EventDate "2019.??.??"]
[WhiteTeam "SK Schweinfurt 2000"]
[BlackTeam "SK Schweinfurt 2000"]

1. d4 Nf6 2. Nf3 d5 3. Bf4 c5 4. c3 Nc6 5. e3 Nh5 6. Bg3 Nxg3 7. hxg3 Bg4 8.
Qc2 g6 9. Bb5 Qb6 10. Ba4 cxd4 11. exd4 Bxf3 12. gxf3 Bg7 13. f4 e6 14. Nd2 O-O
15. Bxc6 Qxc6 16. Nf3 Rac8 17. Kd2 b5 18. a3 Rfd8 19. Ne5 Qc7 20. Rac1 a5 21.
Nd3 Bf8 22. b4 f6 23. Nc5 Re8 24. Qd3 Qc6 25. Qf3 Ra8 26. Ra1 Bxc5 27. bxc5 Re7
1/2-1/2

[Event "29. Schweinfurt Open"]
[Site "Schweinfurt"]
[Date "2019.06.20"]
[Round "1.19"]
[White "Brueckner, Alexander"]
[Black "Westerhoff, Ralf"]
[Result "1-0"]
[WhiteElo "1875"]
[BlackElo "1487"]
[PlyCount "81"]
[EventDate "2019.??.??"]
[WhiteTeam "SF Augsburg / SW"]
[BlackTeam "SV Kaponier Vechta"]

1. e4 c5 2. Nc3 Nc6 3. g3 g6 4. d3 Bg7 5. Be3 d6 6. Qd2 Nf6 7. Bh6 O-O 8. h4
Nd4 9. O-O-O b5 10. Bg2 Rb8 11. Nd5 Be6 12. c3 Nc6 13. h5 Bxh6 14. Qxh6 Ng4 15.
Qd2 g5 16. f3 Nf6 17. Qxg5+ Kh8 18. f4 Rg8 19. Qh4 Ng4 20. Rf1 f6 21. Bf3 b4
22. Ne2 Qa5 23. Nxe7 Qxa2 24. Bxg4 Qa1+ 25. Kd2 Qxb2+ 26. Ke3 Bxg4 27. Qxf6+
Rg7 28. Rf2 Nxe7 29. h6 Qxc3 30. hxg7+ Kg8 31. Qxe7 Bxe2 32. Rxe2 Qd4+ 33. Kf3
Qxd3+ 34. Re3 Qd4 35. Qe6+ Kxg7 36. Qe7+ Kg8 37. Qxh7+ Kf8 38. Qh8+ Ke7 39.
Rh7+ Qg7 40. Rxg7+ Ke6 41. Qh6# 1-0

[Event "29. Schweinfurt Open"]
[Site "Schweinfurt"]
[Date "2019.06.20"]
[Round "1.20"]
[White "Loew, Leonid"]
[Black "Heiduk, Christoph"]
[Result "1/2-1/2"]
[WhiteElo "1360"]
[BlackElo "1875"]
[PlyCount "62"]
[EventDate "2019.??.??"]
[WhiteTeam "Allersberger SC"]
[BlackTeam "SC Bayerwald Regen/Zwiesel"]

1. e4 c5 2. Nf3 Nc6 3. c3 d5 4. exd5 Qxd5 5. d4 Bg4 6. Be2 cxd4 7. cxd4 e6 8.
O-O Nf6 9. Nc3 Qa5 10. Be3 Be7 11. Qb3 Qc7 12. Rfd1 O-O 13. d5 Na5 14. Qa4 exd5
15. Nxd5 Nxd5 16. Rxd5 Bxf3 17. Bxf3 Nc6 18. Rc1 a6 19. Be4 Rac8 20. Qc2 g6 21.
Bh6 Rfe8 22. Qc3 Bf8 23. Bxf8 Rxf8 24. Rc5 Qb6 25. h4 Na7 26. Qe5 Nc6 27. Qf6
Qb4 28. h5 Qxe4 29. h6 Qd4 30. Qxd4 Nxd4 31. Rxc8 Ne2+ 1/2-1/2

[Event "29. Schweinfurt Open"]
[Site "Schweinfurt"]
[Date "2019.06.20"]
[Round "1.21"]
[White "Memmel, Guenther"]
[Black "Roess, Jonas"]
[Result "1-0"]
[WhiteElo "1865"]
[BlackElo "1478"]
[PlyCount "79"]
[EventDate "2019.??.??"]
[WhiteTeam "SK Schweinfurt 2000"]
[BlackTeam "SC Knetzgau"]

1. e4 c6 2. d4 d5 3. Nc3 dxe4 4. Nxe4 e5 5. dxe5 Qxd1+ 6. Kxd1 Bf5 7. Bd3 Bxe4
8. Bxe4 Nd7 9. Nf3 g6 10. Bf4 O-O-O 11. Ke2 f5 12. Bd3 Bg7 13. Rhe1 Nc5 14.
Rad1 Na4 15. Ng5 Nxb2 16. Rb1 Nxd3 17. cxd3 Bh6 18. Nf7 Bxf4 19. Nxh8 Nh6 20.
Kf3 Bg5 21. h4 Be7 22. Nxg6 hxg6 23. Rbd1 Bxh4 24. Rh1 Bg5 25. g3 Nf7 26. d4 c5
27. e6 Nh6 28. d5 Ng4 29. d6 Ne5+ 30. Ke2 Nd7 31. exd7+ Kxd7 32. Rh7+ Ke6 33.
Rxb7 Rd7 34. Rxd7 Kxd7 35. Rd3 Bf6 36. Ra3 Kxd6 37. Rxa7 g5 38. Ra6+ Ke5 39.
f4+ gxf4 40. gxf4+ 1-0

[Event "29. Schweinfurt Open"]
[Site "Schweinfurt"]
[Date "2019.06.20"]
[Round "1.22"]
[White "Maar, Patricia"]
[Black "Bombe, Bernhard"]
[Result "0-1"]
[WhiteElo "1446"]
[BlackElo "1845"]
[PlyCount "60"]
[EventDate "2019.??.??"]
[WhiteTeam "Mündener SC"]
[BlackTeam "SK Tarrasch München"]

1. e4 d6 2. d4 Nf6 3. Nc3 g6 4. Be2 Bg7 5. Nf3 O-O 6. O-O Nbd7 7. Bg5 h6 8.
Bxf6 Nxf6 9. h3 a6 10. a4 Bd7 11. Re1 Nh5 12. Qd2 e5 13. dxe5 dxe5 14. Nd5 c6
15. Ne3 Qe7 16. g4 Nf4 17. Bf1 Rad8 18. Qc1 h5 19. Kh2 Bh6 20. gxh5 Kg7 21. Bg2
Rh8 22. b3 Nxg2 23. Kxg2 Bf4 24. Rh1 Rxh5 25. Qe1 Rdh8 26. Ng1 Qg5+ 27. Kf1
Bxh3+ 28. Nxh3 Rxh3 29. Rxh3 Rxh3 30. Ke2 Bxe3 0-1

[Event "29. Schweinfurt Open"]
[Site "Schweinfurt"]
[Date "2019.06.20"]
[Round "1.23"]
[White "Perez Celis, Alba"]
[Black "Mirring, Patrick"]
[Result "1-0"]
[WhiteElo "1822"]
[BlackElo "1430"]
[PlyCount "99"]
[EventDate "2019.??.??"]
[WhiteTeam "SV Malchow / NES"]
[BlackTeam "SK Arnstein"]

1. e4 e6 2. d4 d5 3. exd5 exd5 4. c3 Nf6 5. h3 Bd6 6. Nf3 O-O 7. Be2 Nc6 8. Bg5
h6 9. Bh4 Bf5 10. Nbd2 Re8 11. Nf1 Re6 12. Ne3 Be4 13. Qd2 Ne7 14. O-O-O Ng6
15. Bxf6 Qxf6 16. Rhf1 Nf4 17. Ng4 Nxe2+ 18. Qxe2 Bf4+ 19. Ne3 Rae8 20. Rde1 c6
21. Nd2 Bxg2 22. Rg1 Bxe3 23. fxe3 Rxe3 24. Qxe3 Rxe3 25. Rxe3 Qf2 26. Rge1 Qf5
27. h4 Qf6 28. Rg1 Qf2 29. Rge1 Qxh4 30. R1e2 Qf4 31. Re8+ Kh7 32. Rxg2 Qh4 33.
Rge2 a5 34. R8e7 Qh5 35. Rf2 b5 36. Rfxf7 Qg6 37. Rxg7+ Qxg7 38. Rxg7+ Kxg7 39.
Nf3 h5 40. Kd2 b4 41. Ke3 Kf6 42. Ne5 c5 43. Nd7+ Kf5 44. Nxc5 Kg4 45. cxb4
axb4 46. Nd3 Kg3 47. Nxb4 h4 48. Nd3 h3 49. Nf2 h2 50. a4 1-0

[Event "29. Schweinfurt Open"]
[Site "Schweinfurt"]
[Date "2019.06.20"]
[Round "1.24"]
[White "Neuhoff, Laertes"]
[Black "Eichenauer, Pascal"]
[Result "0-1"]
[WhiteElo "1424"]
[BlackElo "1822"]
[PlyCount "50"]
[EventDate "2019.??.??"]
[WhiteTeam "SG Leipzig"]
[BlackTeam "SV Würzburg"]

1. d4 d5 2. c4 c6 3. Nf3 Nf6 4. e3 Bf5 5. Nc3 e6 6. Nh4 Bg4 7. Qb3 b6 8. h3 Bh5
9. g4 Ne4 10. Nf3 Bg6 11. Ne5 Qf6 12. Qc2 Bb4 13. Nxg6 fxg6 14. Bd2 Qxf2+ 15.
Kd1 Qf3+ 16. Ke1 Bxc3 17. Rh2 Bxd2+ 18. Rxd2 Nxd2 19. Qxd2 O-O 20. Bg2 Qg3+ 21.
Kd1 Rf2 22. Qe1 Qxg2 23. cxd5 Rxb2 24. Rc1 Qf3+ 25. Qe2 Qxe2# 0-1

[Event "29. Schweinfurt Open"]
[Site "Schweinfurt"]
[Date "2019.06.20"]
[Round "1.25"]
[White "Hohner, Karl-Heinz"]
[Black "Memmel, Stefan"]
[Result "1-0"]
[WhiteElo "1806"]
[BlackElo "1365"]
[PlyCount "73"]
[EventDate "2019.??.??"]
[WhiteTeam "(vls) Kronach"]
[BlackTeam "SK Schweinfurt 2000"]

1. Nf3 Nc6 2. d4 d5 3. c4 e6 4. Nc3 Nf6 5. Bg5 Be7 6. e3 O-O 7. a3 a6 8. Qc2 h6
9. h4 Ng4 10. Bxe7 Nxe7 11. Be2 f5 12. O-O c6 13. Nd2 Nf6 14. f4 Qe8 15. Kh2
Qg6 16. g3 Ng4+ 17. Bxg4 Qxg4 18. Qd1 Qxd1 19. Raxd1 b5 20. cxb5 cxb5 21. Rc1
Bb7 22. Nb3 Bc8 23. Nc5 Kf7 24. Kg2 Rb8 25. b4 g6 26. Rf2 Ng8 27. Nd3 Nf6 28.
Ne5+ Kg7 29. Kf3 Nd7 30. Nc6 Rb6 31. Nd1 Bb7 32. Rfc2 Kf6 33. Nf2 Nb8 34. Ne5
Rd6 35. Rc7 Ba8 36. Nfd3 Re8 37. Rf7# 1-0

[Event "29. Schweinfurt Open"]
[Site "Schweinfurt"]
[Date "2019.06.20"]
[Round "1.26"]
[White "Ankenbrand, Franz"]
[Black "Hasselbacher, Uwe"]
[Result "0-1"]
[WhiteElo "1360"]
[BlackElo "1766"]
[PlyCount "42"]
[EventDate "2019.??.??"]
[WhiteTeam "SF Zeiler Turm"]
[BlackTeam "SC Fulda"]

1. e4 c5 2. c4 Nc6 3. d3 g6 4. Nc3 Bg7 5. f4 d6 6. Nf3 e6 7. Be2 Nge7 8. O-O
O-O 9. a3 Nd4 10. Rb1 Bd7 11. Bd2 b5 12. e5 Nxe2+ 13. Qxe2 bxc4 14. dxc4 d5 15.
Rfd1 Bc6 16. Be1 Qb6 17. Bf2 d4 18. Ne4 Bxe4 19. Qxe4 Qb3 20. Qd3 Rab8 21. Nd2
Qxd3 0-1

[Event "29. Schweinfurt Open"]
[Site "Schweinfurt"]
[Date "2019.06.20"]
[Round "1.27"]
[White "Kwossek, Martin"]
[Black "Buld, Lukas"]
[Result "1-0"]
[WhiteElo "1800"]
[BlackElo "1227"]
[PlyCount "91"]
[EventDate "2019.??.??"]
[WhiteTeam "SC Kitzingen"]
[BlackTeam "SC Knetzgau"]

1. d4 d5 2. Nf3 Nc6 3. Bf4 e6 4. e3 Bd6 5. Bg3 Nf6 6. Nbd2 O-O 7. c3 a6 8. Bd3
Re8 9. Ne5 Rf8 10. Rc1 Nd7 11. f4 f6 12. Qh5 f5 13. O-O Nf6 14. Qe2 Ne4 15.
Nxe4 fxe4 16. Bb1 Nxe5 17. fxe5 Be7 18. c4 c6 19. Qg4 Qb6 20. Rxf8+ Bxf8 21. b3
Qb4 22. Rf1 Bd7 23. Qf4 b5 24. Qf7+ Kh8 25. Qxd7 bxc4 26. Qxc6 Rb8 27. bxc4
Qxc4 28. Qxc4 dxc4 29. Bxe4 g6 30. Rc1 Bh6 31. Kf2 Rb2+ 32. Rc2 Rb4 33. Ke2 Kg7
34. Be1 Ra4 35. Bc6 Ra3 36. Bd2 Bg5 37. e4 Kh6 38. Bxg5+ Kxg5 39. d5 exd5 40.
exd5 Kf5 41. e6 Kf6 42. Bd7 Ra5 43. Bc6 h5 44. a4 Rc5 45. Ke3 c3 46. Kd4 1-0